|
|
|
|
| LEADER |
01261nam a2200325 a 4500 |
| 001 |
36773 |
| 003 |
BD-DhAAL |
| 005 |
20191208110949.0 |
| 008 |
191208t1992 sz b 001 0 eng d |
| 999 |
|
|
|c 42015
|d 42015
|
| 010 |
|
|
|a 94102318
|
| 020 |
|
|
|a 9221082598 ;
|c 22.50F
|
| 020 |
|
|
|a 9789221082590
|
| 040 |
|
|
|a DLC
|c DLC
|d BD-DhAAL
|
| 043 |
|
|
|a a------
|
| 050 |
0 |
0 |
|a Z7165.A74
|b U73 1992
|a HD2346.A744
|
| 082 |
0 |
0 |
|a 016.33
|2 20
|
| 245 |
0 |
4 |
|a The Urban informal sector in Asia :
|b an annotated bibliography.
|
| 260 |
|
|
|a Geneva :
|b International Labour Office,
|c 1992.
|
| 300 |
|
|
|a xiii, 161 pages ;
|c 24 cm.
|
| 490 |
|
|
|a International labour bibliography,
|x 1010-8106 ;
|v no. 13
|
| 500 |
|
|
|a Includes index.
|
| 526 |
|
|
|a ESS
|
| 541 |
|
|
|a Complimentary copy from Professor Dr. Nasreen Khundker
|e 36773
|
| 650 |
|
0 |
|a Informal sector (Economics)
|z Asia
|x Bibliography.
|9 38078
|
| 710 |
2 |
|
|a International Labour Office.
|9 38079
|
| 830 |
|
|
|a International labour bibliography
|9 38080
|
| 852 |
|
|
|a Ayesha Abed Library
|c General Stacks
|
| 942 |
|
|
|2 ddc
|c BK
|
| 952 |
|
|
|0 0
|1 0
|2 ddc
|4 0
|6 016_330000000000000_URB
|7 0
|9 67380
|a BRACUL
|b BRACUL
|c GEN
|d 2019-12-08
|e Complimentary copy from Professor Dr. Nasreen Khundker
|l 0
|o 016.33 URB
|p 3010036773
|r 2019-12-08
|t 1
|w 2019-12-08
|y BK
|